00333nam a2200133Ia 4500008004100000041000800041082001400049100001900063245003200082250001400114260003200128300003200160365000700192240624s9999 xx 000 0 und d aeng a658.8 KOT aKOTABE MASAAKI aGLOBAL MARKETING MANAGEMENT a(3rd ed.) c2004aSingaporebJohn Wiley axxii, : 694 : p. : cm. ; 24 cRS